[Event "France jeunes"]
[Site "?"]
[Date "2012.04.14"]
[Round "1.88"]
[White "AMOSSE, Blandine"]
[Black "RUHLMANN, Helene"]
[Result "0-1"]
[WhiteElo "1529"]
[BlackElo "1736"]
[PlyCount "78"]
[EventDate "2012.??.??"]
[SourceDate "2012.04.14"]

1. e4 g6 2. Nc3 c6 3. d4 d5 4. g3 Bg7 5. e5 Nh6 6. Bxh6 Bxh6 7. f4 Qb6 8. b3
O-O 9. Na4 Qc7 10. Qd2 f6 11. Nf3 Bg4 12. Qe3 Bxf3 13. Qxf3 fxe5 14. dxe5 Qxe5+
15. fxe5 Rxf3 16. Nc5 b6 17. Na6 Re3+ 18. Kd1 Nd7 19. Nb4 Nxe5 20. Ba6 c5 21.
Bb7 Rd8 22. Nc6 Nxc6 23. Bxc6 d4 24. Re1 Rf8 25. Bd5+ Kg7 26. a4 a5 27. Bc4 Rf2
28. Rxe3 Bxe3 29. h4 e5 30. Bd3 Rg2 31. Bf1 Rxg3 32. Ke2 e4 33. Rd1 Rg4 34. c3
Rxh4 35. cxd4 cxd4 36. Re1 Rh2+ 37. Kd1 Rd2+ 38. Kc1 Re2+ 39. Kd1 Rxe1+ 0-1

[Event "France jeunes"]
[Site "?"]
[Date "2012.04.14"]
[Round "1"]
[White "Hadrien, ROCHU."]
[Black "Adrien, FRANCOIS."]
[Result "0-1"]
[WhiteElo "1370"]
[BlackElo "1579"]
[PlyCount "98"]
[SourceDate "2012.04.14"]

1. d4 Nf6 2. Nf3 c5 3. Bf4 cxd4 4. Nxd4 e5 5. Bxe5 Qa5+ 6. Qd2 Qxe5 7. e3 Nc6
8. Nc3 Nxd4 9. Qxd4 Qxd4 10. exd4 Bb4 11. Bd3 Nd5 12. Kd2 O-O 13. a3 Bxc3+ 14.
bxc3 Nf4 15. Be4 d5 16. Bf3 Be6 17. g3 Nh3 18. Rhf1 Rac8 19. Rab1 b6 20. Rb5
Ng5 21. Bg2 Rc7 22. Re1 Rfc8 23. Rb3 Ne4+ 24. Bxe4 dxe4 25. Rb2 Rxc3 26. a4 f5
27. Ra1 R3c4 28. a5 Rxd4+ 29. Ke3 Rd6 30. axb6 Rxb6 31. Rxb6 axb6 32. Kd2 b5
33. Rb1 Bc4 34. Rb4 g5 35. Ke3 Rd8 36. Rb1 Kf7 37. Ra1 Rd7 38. Ra8 Ke6 39. Rg8
Kf6 40. Rf8+ Rf7 41. Rd8 Ra7 42. Rd1 Ra2 43. Kd2 Bd3 44. Rc1 b4 45. Ke3 Rxc2
46. Rxc2 Bxc2 47. Kd4 Bd3 48. h3 h5 49. h4 g4 0-1

[Event "France jeunes"]
[Site "?"]
[Date "2012.04.14"]
[Round "1"]
[White "Cantin, Loic"]
[Black "Belouassa, Aurelien"]
[Result "1-0"]
[WhiteElo "1995"]
[BlackElo "1749"]
[PlyCount "145"]
[SourceDate "2012.04.14"]

1. e4 c5 2. Nf3 a6 3. Nc3 Nc6 4. d4 cxd4 5. Nxd4 e5 6. Nf5 d6 7. Ne3 Nf6 8. f3
Be6 9. Bc4 b5 10. Bd5 Rc8 11. O-O b4 12. Ne2 Bxd5 13. Nxd5 Nxd5 14. Qxd5 Qb6+
15. Kh1 Be7 16. a3 O-O 17. Qb3 Qb5 18. c4 bxc3 19. Qxb5 axb5 20. Nxc3 Rb8 21.
Nd5 Bd8 22. Bd2 Ne7 23. Nxe7+ Bxe7 24. Rac1 Rbc8 25. Rxc8 Rxc8 26. Bc3 f6 27.
Rd1 Kf7 28. h3 Ke6 29. Bb4 g6 30. Rd5 Rb8 31. b3 f5 32. Kh2 fxe4 33. fxe4 Kd7
34. Bd2 Kc6 35. a4 Bd8 36. Kg3 bxa4 37. bxa4 Rb3+ 38. Kf2 Bb6+ 39. Ke2 Rg3 40.
Kf1 Rb3 41. a5 Ba7 42. h4 Rb5 43. Rxb5 Kxb5 44. Ke2 Kc4 45. Bg5 Kb5 46. Bd8 Bc5
47. Kd3 Bb4 48. Bc7 Bc5 49. h5 gxh5 50. Kc3 Kc6 51. Bd8 d5 52. exd5+ Kxd5 53.
Bc7 Bd4+ 54. Kd3 e4+ 55. Ke2 Kc6 56. Bf4 Bc3 57. Bd2 Bd4 58. Be3 Bc3 59. a6 Bf6
60. Kd2 Bg7 61. Kc2 h6 62. Kb3 Bf6 63. Kc4 h4 64. a7 Kb7 65. Kd5 Bg5 66. Kxe4
Bxe3 67. Kxe3 h3 68. gxh3 Kxa7 69. Kf4 Kb7 70. Kg4 Kc7 71. Kh5 Kd7 72. Kxh6 Ke7
73. Kg7 1-0

[Event "France jeunes"]
[Site "?"]
[Date "2012.04.15"]
[Round "2"]
[White "Belouassa, Aurelien"]
[Black "Gunfelder, Henry"]
[Result "0-1"]
[WhiteElo "1749"]
[BlackElo "1530"]
[PlyCount "116"]
[SourceDate "2012.04.15"]

1. d4 d5 2. e4 c6 3. e5 c5 4. c3 Nc6 5. h3 e6 6. Nf3 f6 7. Bf4 Qb6 8. Qd2 Bd7
9. a3 Rc8 10. Bd3 Na5 11. dxc5 Qd8 12. Qc2 f5 13. b4 Nc6 14. Nbd2 Nge7 15. O-O
Ng6 16. Bh2 Be7 17. c4 d4 18. Nb3 Qc7 19. Rfe1 b6 20. cxb6 Qxb6 21. c5 Qc7 22.
Nbxd4 O-O 23. Rac1 Rfd8 24. b5 Nxd4 25. Nxd4 Qxc5 26. Qxc5 Bxc5 27. Nc2 Be8 28.
Bf1 Rd2 29. Nb4 Bxf2+ 30. Kh1 Rxc1 31. Rxc1 Rd7 32. Nc6 Be3 33. Rb1 f4 34. Bg1
Bb6 35. a4 Rc7 36. Nd4 Bd7 37. Nf3 Ne7 38. Bxb6 axb6 39. Ra1 Rc5 40. a5 bxa5
41. b6 Bc8 42. Rb1 Bb7 43. Nd4 Rxe5 44. Nb5 Nc8 45. Nc7 Nd6 46. Rd1 Ne4 47. Bc4
Nf2+ 48. Kg1 Nxd1 49. Nxe6 Kh8 50. Nd8 Re7 51. Nf7+ Kg8 52. Nd8+ Kf8 53. Ne6+
Kf7 54. Nxf4+ Kf6 55. g4 Re1+ 56. Kh2 Rh1+ 57. Kg3 Rg1+ 58. Kh4 g5+ 0-1

[Event "France Jeunes"]
[Site "?"]
[Date "2012.04.15"]
[Round "3"]
[White "Peticolas, Albert"]
[Black "Belouassa, Aurelien"]
[Result "1-0"]
[WhiteElo "1503"]
[BlackElo "1749"]
[PlyCount "45"]
[EventDate "2012.??.??"]

1. d4 d5 2. Nf3 Nf6 3. e3 e6 4. Bd3 Nbd7 5. O-O Bd6 6. Nbd2 c5 7. b3 a6 8. a4
Qc7 9. Bb2 O-O 10. e4 cxd4 11. exd5 Nxd5 12. Bxd4 e5 13. Bb2 f5 14. Bc4 N7b6
15. Bxd5+ Nxd5 16. Nc4 Be6 17. Nxd6 Qxd6 18. Ba3 Qc7 19. Bxf8 Rxf8 20. Ng5 Nc3
21. Nxe6 Nxd1 22. Nxc7 Rc8 23. Ne6 1-0

[Event "france jeunes"]
[Site "?"]
[Date "2012.04.15"]
[Round "2"]
[White "FRANCOIS, Adrien"]
[Black "CHICHE, Thibaut"]
[Result "1-0"]
[WhiteElo "1579"]
[BlackElo "1700"]
[PlyCount "105"]
[SourceDate "2012.04.15"]

1. e4 e6 2. d4 d5 3. exd5 exd5 4. Bd3 Bd6 5. Ne2 Qh4 6. Nbc3 c6 7. g3 Qf6 8.
Be3 Ne7 9. Qd2 Bg4 10. O-O-O Nd7 11. Rdf1 Bh3 12. Re1 O-O 13. Nf4 Bg4 14. f3
Bf5 15. h4 Rfe8 16. Nce2 Bxd3 17. Qxd3 Ng6 18. Nxg6 Qxg6 19. Qxg6 hxg6 20. Bf4
Bxf4+ 21. Nxf4 Nf6 22. g4 Kf8 23. Kd2 Re7 24. Re3 Rxe3 25. Kxe3 Re8+ 26. Kd2
Nh7 27. g5 f6 28. gxf6 gxf6 29. Nxg6+ Kg7 30. Nf4 Kf7 31. Rg1 Rh8 32. Rh1 Ng5
33. Ke3 f5 34. Rg1 Ne6 35. Nxe6 Kxe6 36. Rh1 Kf6 37. c3 Re8+ 38. Kf2 Rh8 39.
Kg3 Rg8+ 40. Kf4 Rh8 41. h5 Rh7 42. Kg3 Kg5 43. f4+ Kf6 44. Kh4 Rh8 45. Rg1 Rh7
46. Rg6+ Kf7 47. Kg5 Ke7 48. h6 Rf7 49. Rg7 b6 50. Rxf7+ Kxf7 51. Kxf5 c5 52.
Ke5 cxd4 53. cxd4 1-0

[Event "france jeunes"]
[Site "?"]
[Date "2012.04.15"]
[Round "3"]
[White "FERRARI, Louis"]
[Black "FRANCOIS, Adrien"]
[Result "1-0"]
[WhiteElo "1750"]
[BlackElo "1579"]
[PlyCount "119"]
[SourceDate "2012.04.15"]

1. Nf3 Nf6 2. c4 e6 3. Nc3 d5 4. d4 c5 5. Bg5 cxd4 6. Qxd4 Nc6 7. Qd1 d4 8. Nb1
Qa5+ 9. Bd2 Qb6 10. Qc1 Ne4 11. g3 e5 12. Bg2 Nd6 13. c5 Qd8 14. cxd6 Bxd6 15.
O-O Bd7 16. e3 Rc8 17. Qd1 Bg4 18. Qb3 Qd7 19. Re1 O-O 20. Na3 Rfe8 21. Nb5 Be6
22. Qd1 Bg4 23. Nxd6 Qxd6 24. h3 Bxf3 25. Bxf3 e4 26. Bg4 Rcd8 27. exd4 Nxd4
28. Bc3 f5 29. Qxd4 Qxd4 30. Bxd4 fxg4 31. Red1 gxh3 32. Kh2 Re6 33. Be3 Rc8
34. Rac1 Rec6 35. Rxc6 Rxc6 36. Rc1 Rxc1 37. Bxc1 Kf7 38. Kxh3 Ke6 39. Kg4 a6
40. Kf4 Kd5 41. Bd2 b5 42. Bc3 g6 43. a3 h6 44. Bg7 g5+ 45. Ke3 h5 46. Bf6 h4
47. gxh4 gxh4 48. Bxh4 a5 49. Bd8 a4 50. Bf6 Ke6 51. Bc3 Kd5 52. Bh8 Kd6 53.
Kxe4 Ke6 54. f4 Kf7 55. f5 Ke7 56. f6+ Ke6 57. Kd4 Kd6 58. Bg7 Ke6 59. Kc5 Kf7
60. Kxb5 1-0

[Event "france jeunes"]
[Site "?"]
[Date "2012.04.15"]
[Round "3.5"]
[White "SADOUNE, Emilie"]
[Black "RUHLMANN, Helene"]
[Result "1/2-1/2"]
[WhiteElo "1515"]
[BlackElo "1736"]
[PlyCount "67"]
[SourceDate "2012.04.15"]

1. e4 g6 2. d4 c6 3. Nc3 d5 4. Nf3 Bg4 5. h3 Bxf3 6. Qxf3 e6 7. e5 Bg7 8. Bd3
Ne7 9. Bg5 Nd7 10. O-O-O a6 11. h4 c5 12. h5 gxh5 13. Rxh5 cxd4 14. Ne2 Nxe5
15. Qh3 h6 16. Bxh6 Bxh6+ 17. Rxh6 Rxh6 18. Qxh6 Kd7 19. Nxd4 Nxd3+ 20. Rxd3
Qa5 21. Nb3 Qe1+ 22. Rd1 Qxf2 23. g4 Rc8 24. c3 Ng6 25. Nd2 Ke7 26. Rf1 Qh4 27.
Qg7 Rf8 28. Qd4 Qg3 29. Qb4+ Qd6 30. Qxb7+ Ke8 31. Qc8+ Ke7 32. Qb7+ Ke8 33.
Qc8+ Ke7 34. Qb7+ 1/2-1/2

[Event "france jeunes"]
[Site "?"]
[Date "2012.04.16"]
[Round "4"]
[White "FRANCOIS, Adrien"]
[Black "LUTARD, Theo"]
[Result "0-1"]
[WhiteElo "1579"]
[BlackElo "1745"]
[PlyCount "108"]
[SourceDate "2012.04.16"]

1. e4 c5 2. Nf3 e6 3. c3 d5 4. exd5 Qxd5 5. d4 Nf6 6. Nbd2 Nc6 7. Bc4 Qd8 8.
Nb3 cxd4 9. Nbxd4 Nxd4 10. Nxd4 Be7 11. O-O O-O 12. Qc2 Qc7 13. Bd3 b6 14. h3
Bb7 15. Re1 Rad8 16. Bg5 h6 17. Bd2 Qb8 18. Nf5 exf5 19. Rxe7 Ne4 20. Bf4 Qxf4
21. Rxb7 Nxf2 22. Qxf2 Qxf2+ 23. Kxf2 Rxd3 24. Rxa7 Rd2+ 25. Kf3 Rxb2 26. Rb7
Rc8 27. Rc1 Rxa2 28. Rxb6 Ra3 29. Kf4 g6 30. Ke5 Raxc3 31. Rxc3 Rxc3 32. Kf6
Rc8 33. Rb7 Rc6+ 34. Ke5 Kg7 35. Kf4 Kf6 36. Kf3 g5 37. Rb5 Kg6 38. Re5 h5 39.
Rd5 Rc3+ 40. Kf2 h4 41. Rd4 Rg3 42. Rd2 g4 43. hxg4 fxg4 44. Rd5 Rc3 45. Rd4 f5
46. Rd2 Kg5 47. Re2 g3+ 48. Ke1 Rc1+ 49. Kd2 Rf1 50. Kd3 Kg4 51. Re3 Rf2 52.
Re2 Rxe2 53. Kxe2 h3 54. Kf1 h2 0-1

[Event "France Jeunes"]
[Site "?"]
[Date "2012.04.16"]
[Round "4"]
[White "Belouassa, Aurelien"]
[Black "Maillet, Etienne"]
[Result "1-0"]
[WhiteElo "1749"]
[BlackElo "1601"]
[PlyCount "113"]

1. d4 f5 2. c4 Nf6 3. Nc3 g6 4. Nf3 d6 5. Bf4 Bg7 6. Qd2 h6 7. h4 Nbd7 8. e3 c5
9. Bd3 Ng4 10. d5 Nb6 11. b3 a6 12. Rc1 e5 13. dxe6 Bxe6 14. e4 Qe7 15. O-O
O-O-O 16. Rfe1 Ne5 17. exf5 Bxf5 18. Bxf5+ gxf5 19. Qe2 Nxf3+ 20. Qxf3 Qxh4 21.
Red1 Qe7 22. Nd5 Nxd5 23. Rxd5 Rhf8 24. Qd3 Qe4 25. Qxe4 fxe4 26. Bxd6 Rf7 27.
Rxc5+ Kd7 28. Bg3 Ke8 29. Re1 Rd4 30. f3 Re7 31. fxe4 Rdxe4 32. Rxe4 Rxe4 33.
Rc8+ Kf7 34. Rc7+ Re7 35. Rxe7+ Kxe7 36. Kf2 Ke6 37. Ke3 Kf5 38. Bd6 Ke6 39.
Bb8 Bc3 40. Bf4 Bg7 41. g4 Bf8 42. Ke4 Bg7 43. Be3 Bf8 44. c5 Bg7 45. Bd2 Bf8
46. b4 Bg7 47. a4 Bf8 48. Be3 Bg7 49. b5 axb5 50. axb5 Bf8 51. Bd4 Be7 52. Be3
Bf8 53. Kd4 Bg7+ 54. Kc4 Bf8 55. Bf4 Bg7 56. c6 bxc6 57. b6 1-0

[Event "France Jeunes"]
[Site "?"]
[Date "2012.04.16"]
[Round "4.6"]
[White "RUHLMANN, Helene"]
[Black "RICHIER, Lucie"]
[Result "1-0"]
[WhiteElo "1736"]
[BlackElo "1636"]
[PlyCount "53"]
[EventDate "2012.??.??"]

1. d4 d5 2. c4 e6 3. Nc3 Nf6 4. Bg5 Be7 5. Nf3 O-O 6. e3 a6 7. Qc2 h6 8. Bxf6
Bxf6 9. g4 dxc4 10. Bxc4 b5 11. Qe4 Ra7 12. Bd3 g6 13. O-O-O Qd6 14. g5 Bb7 15.
Qh4 Bxf3 16. gxf6 Kh7 17. Kb1 Nd7 18. Rhg1 Rg8 19. Rg3 Nxf6 20. Rxf3 c5 21.
Qxf6 Qxh2 22. Rg3 Rd7 23. Be4 cxd4 24. exd4 b4 25. Rh1 Qxg3 26. fxg3 bxc3 27.
bxc3 1-0

[Event "France Jeunes"]
[Site "?"]
[Date "2012.04.17"]
[Round "5.37"]
[White "Costa, Anthony"]
[Black "Belouassa, Aurelien"]
[Result "1/2-1/2"]
[WhiteElo "1601"]
[BlackElo "1749"]
[PlyCount "61"]
[EventDate "2012.??.??"]
[SourceDate "2012.04.17"]

1. e4 c5 2. Nc3 Nc6 3. Bb5 a6 4. Bxc6 bxc6 5. f4 d6 6. h3 e6 7. Nf3 Ne7 8. O-O
g6 9. d3 d5 10. e5 Bg7 11. Qe1 Nf5 12. Na4 Bf8 13. Bd2 a5 14. g4 Nd4 15. Nxd4
cxd4 16. Qf2 c5 17. b3 Be7 18. a3 Bd7 19. Nb2 O-O 20. Qg2 Kh8 21. a4 Rc8 22. g5
Kg7 23. h4 Rh8 24. Qg4 Bc6 25. Qe2 Bb7 26. Qe1 Ra8 27. Rf2 Qc7 28. Rh2 Qd8 29.
Rf2 Qc7 30. Rh2 Qd8 31. Rf2 1/2-1/2

[Event "France Jeunes"]
[Site "?"]
[Date "2012.04.17"]
[Round "?"]
[White "DEDENNINGER Guilhem"]
[Black "FRANCOIS Adrien"]
[Result "1-0"]
[WhiteElo "1527"]
[BlackElo "1579"]
[PlyCount "129"]
[EventDate "2012.??.??"]
[SourceDate "2012.04.17"]

1. d4 Nf6 2. c4 c5 3. Nf3 cxd4 4. Nxd4 e6 5. Nc3 Nc6 6. Nxc6 bxc6 7. a3 d5 8.
Bf4 d4 9. Na2 e5 10. Bg5 Be7 11. e3 c5 12. b4 dxe3 13. Qxd8+ Bxd8 14. Bxe3 cxb4
15. axb4 O-O 16. Nc3 Be7 17. Ra4 Bd7 18. b5 a6 19. Rxa6 Rxa6 20. bxa6 Ra8 21.
a7 Bb4 22. Bd2 Rxa7 23. Bd3 Ra3 24. Nb1 Rxd3 25. Bxb4 Rb3 26. Ke2 Rxb4 27. Nd2
Be6 28. Rd1 Kf8 29. Rc1 Ke7 30. f3 Kd6 31. Ke3 Kc5 32. Kd3 Rb7 33. Ke3 Ra7 34.
Rc3 Ra4 35. Kd3 Bf5+ 36. Ke3 Nd7 37. g4 Bg6 38. h4 f5 39. h5 f4+ 40. Ke2 Bf7
41. Kd3 Nb6 42. Ke4 Kd6 43. Kd3 Ke6 44. Ne4 Nd7 45. Ng5+ Ke7 46. Nxh7 Nc5+ 47.
Kd2 e4 48. Ng5 e3+ 49. Ke1 Bxc4 50. Rxc4 Rxc4 51. Nh3 Ne6 52. g5 Rc2 53. h6 Nd4
54. Kf1 e2+ 55. Kf2 e1=Q+ 56. Kxe1 Nxf3+ 57. Kf1 Nxg5 58. hxg7 Kf7 59. Nxg5+
Kxg7 60. Ne6+ Kf6 61. Nxf4 Kf5 62. Ne2 Ke4 63. Ng1 Ke3 64. Nh3 Rh2 65. Ng1 {
perte au temps} 1-0

[Event "France Jeunes"]
[Site "?"]
[Date "2012.04.18"]
[Round "6.38"]
[White "Belouassa, Aurelien"]
[Black "Guigue, Jules"]
[Result "1-0"]
[WhiteElo "1749"]
[BlackElo "1616"]
[PlyCount "101"]
[EventDate "2012.??.??"]
[SourceDate "2012.04.18"]

1. d4 Nf6 2. f3 d5 3. e4 dxe4 4. Nc3 exf3 5. Nxf3 Bf5 6. Bc4 e6 7. O-O c6 8.
Ne5 Nbd7 9. Nxf7 Bxc2 10. Nxd8 Bxd1 11. Nxe6 Bh5 12. Nc7+ Kd8 13. Nxa8 Bd6 14.
Bf4 Bxf4 15. Rxf4 Kc8 16. d5 Kb8 17. dxc6 bxc6 18. Be2 Bxe2 19. Nxe2 Kxa8 20.
Rc1 Ne5 21. Rf5 Re8 22. g3 Nd3 23. Rc2 Nb4 24. Rd2 Nxa2 25. Nc3 Nb4 26. Kf1 Kb7
27. Re2 Rc8 28. Re7+ Rc7 29. Rxc7+ Kxc7 30. Rf4 a5 31. Ke2 Kd6 32. Ne4+ Nxe4
33. Rxe4 c5 34. Rh4 h6 35. Rg4 g5 36. h4 Ke5 37. hxg5 hxg5 38. Rxg5+ Kd4 39. g4
Nd5 40. Rg8 Ke4 41. Ra8 Nf4+ 42. Kd2 Ne6 43. Kc3 Kf4 44. Rg8 Ng5 45. Kc4 Kxg4
46. Kxc5 Kf4 47. Rxg5 Kxg5 48. Kb5 Kf6 49. Kxa5 Ke7 50. Kb6 Kd8 51. Kb7 1-0

[Event "france jeunes"]
[Site "?"]
[Date "2012.04.18"]
[Round "6"]
[White "FRANCOIS, Adrien"]
[Black "BLEAU, Adrien"]
[Result "1-0"]
[WhiteElo "1579"]
[BlackElo "1490"]
[PlyCount "117"]

1. e4 e6 2. d4 d5 3. exd5 exd5 4. Bd3 Bd6 5. Ne2 Nf6 6. Bg5 O-O 7. Nbc3 c6 8.
Qd2 Be6 9. O-O-O Nbd7 10. Nf4 Qc7 11. Nxe6 fxe6 12. h4 h6 13. Be3 Ng4 14. Kb1
Nxe3 15. Qxe3 e5 16. g4 exd4 17. Qe6+ Kh8 18. g5 Bf4 19. Ne2 Rae8 20. Qg6 Kg8
21. Qh7+ Kf7 22. Bg6+ Ke7 23. Qxg7+ Kd8 24. Bxe8 Rxe8 25. Nxf4 Qxf4 26. Qxd4
hxg5 27. Qxf4 gxf4 28. c3 Nc5 29. h5 Rh8 30. f3 Ne6 31. h6 Kd7 32. Kc2 Kd6 33.
Rdg1 Ke5 34. Rg4 Kf5 35. Rhh4 a6 36. h7 Nf8 37. Rxf4+ Kg6 38. Rxf8 Rxf8 39.
h8=Q Rxh8 40. Rxh8 Kf5 41. Kd3 c5 42. Rd8 Ke5 43. f4+ Ke6 44. f5+ Kxf5 45.
Rxd5+ Ke6 46. Rxc5 Kd6 47. Rh5 b5 48. Rh6+ Kc5 49. Rxa6 b4 50. Ra5+ Kb6 51.
cxb4 Kc6 52. Kd4 Kb6 53. Rc5 Ka6 54. Kd5 Kb7 55. Kd6 Kb6 56. a4 Kb7 57. Rc6 Ka7
58. Kc7 Ka8 59. Ra6# 1-0

[Event "france jeunes"]
[Site "?"]
[Date "2012.04.18"]
[Round "6.7"]
[White "RUHLMANN, Helene"]
[Black "DUFOUR, Celine"]
[Result "1-0"]
[WhiteElo "1736"]
[BlackElo "1613"]
[PlyCount "95"]
[SourceDate "2012.04.18"]

1. d4 d5 2. c4 e6 3. Nc3 Be7 4. Nf3 Nf6 5. Bg5 Ne4 6. Bxe7 Qxe7 7. Nxe4 dxe4 8.
Nd2 f5 9. e3 b6 10. Qh5+ Qf7 11. Qxf7+ Kxf7 12. f3 exf3 13. Nxf3 Nd7 14. Bd3
Bb7 15. O-O Rhf8 16. Ng5+ Ke7 17. Nxh7 Rh8 18. Ng5 Rh5 19. Nf3 Rah8 20. h3 g5
21. Nd2 g4 22. hxg4 fxg4 23. Kf2 Rf8+ 24. Kg3 Rfh8 25. Be4 Bxe4 26. Nxe4 Rf5
27. Rxf5 exf5 28. Nf2 Re8 29. e4 Kf6 30. e5+ Kg5 31. Nd3 c5 32. d5 f4+ 33. Nxf4
Rxe5 34. Ne6+ Kg6 35. Kxg4 Re4+ 36. Kf3 Rxc4 37. Re1 Rc2 38. Re2 Rxe2 39. Kxe2
Nf6 40. Nc7 Kf5 41. Ke3 Ke5 42. Kd3 Nxd5 43. Nxd5 Kxd5 44. g4 Ke5 45. Kc4 a6
46. a4 Kf4 47. Kd5 Kxg4 48. Kc6 1-0

[Event "france jeunes"]
[Site "?"]
[Date "2012.04.19"]
[Round "7"]
[White "Hacout, Alphonse"]
[Black "Belouassa, Aurelien"]
[Result "0-1"]
[WhiteElo "1646"]
[BlackElo "1749"]
[PlyCount "54"]
[EventDate "2012.??.??"]
[SourceDate "2012.04.19"]

1. c4 e5 2. g3 Nf6 3. Nc3 d5 4. cxd5 Nxd5 5. Bg2 Nb6 6. Nf3 Nc6 7. O-O Be7 8.
Rb1 O-O 9. a3 a5 10. Na4 Be6 11. Qc2 Nxa4 12. Qxa4 Rb8 13. Rd1 b5 14. Qe4 Bd5
15. Qc2 a4 16. Qf5 Be6 17. Qe4 Bd5 18. Qf5 g6 19. Qh3 Be6 20. Qh6 e4 21. b4
exf3 22. Bb2 Bf6 23. Bxf3 Bxb2 24. Rxb2 Nd4 25. Rc1 Nxf3+ 26. exf3 Bc4 27. Re1
Re8 0-1

[Event "France jeunes"]
[Site "?"]
[Date "2012.04.19"]
[Round "7"]
[White "GHARAGYOLYAN, Tigran"]
[Black "FRANCOIS, Adrien"]
[Result "0-1"]
[WhiteElo "1420"]
[BlackElo "1579"]
[PlyCount "110"]

1. e4 c5 2. Nf3 a6 3. d4 cxd4 4. Nxd4 Nf6 5. Nc3 e5 6. Nf3 Bb4 7. Bd3 Bxc3+ 8.
bxc3 d6 9. O-O O-O 10. h3 Nbd7 11. Ba3 Qc7 12. Re1 b5 13. Bf1 Nc5 14. Bxc5 Qxc5
15. Qd2 Bb7 16. Bd3 Rac8 17. Qg5 Qxc3 18. Nh4 Nxe4 19. Bxe4 Bxe4 20. Rxe4 Qxa1+
21. Kh2 f6 22. Qg4 Qxa2 23. Nf5 Rc7 24. Re3 Kh8 25. Rg3 Qe6 26. Qh5 Qf7 27. Qd1
g6 28. Nxd6 Qe7 29. Ne4 Rd8 30. Qf3 f5 31. Nc3 b4 32. Nd5 e4 33. Qb3 Rxd5 34.
Qxd5 Ra7 35. Qd4+ Kg8 36. Qd5+ Kf8 37. Qd4 Ke8 38. Qh8+ Kd7 39. Qd4+ Ke6 40.
Qb6+ Kf7 41. Qd4 Rc7 42. Qh8 Ke6 43. f4 Qd6 44. Qe8+ Kd5 45. Qa8+ Kc5 46. Qe8
Qxf4 47. Qf8+ Qd6 48. Qh6 a5 49. Qe3+ Kb5 50. Qe2+ Rc4 51. Qf2 Rc3 52. Qe2+ Ka4
53. Qf2 Qxg3+ 54. Qxg3 Rxg3 55. Kxg3 Kb5 0-1

[Event "france jeunes"]
[Site "?"]
[Date "2012.04.19"]
[Round "7"]
[White "LECLAND, Elodie"]
[Black "RUHLMANN, Helene"]
[Result "1/2-1/2"]
[WhiteElo "1698"]
[BlackElo "1736"]
[PlyCount "154"]
[EventDate "2012.??.??"]
[SourceDate "2012.04.20"]

1. d4 d5 2. c4 e6 3. Nc3 Be7 4. cxd5 exd5 5. Bf4 c6 6. e3 Bf5 7. Bd3 Bxd3 8.
Qxd3 Nf6 9. Nge2 Nbd7 10. h3 O-O 11. O-O-O a5 12. g4 a4 13. Ng3 b5 14. g5 Ne8
15. h4 b4 16. Nce2 Nd6 17. Bxd6 Bxd6 18. Nf5 Nb6 19. h5 g6 20. hxg6 fxg6 21.
Nh6+ Kg7 22. f4 Nc4 23. Rh3 Ra7 24. Rdh1 Rh8 25. Ng4 Kf8 26. Rh6 Qe8 27. R1h3
Qe4 28. Qxe4 dxe4 29. Nf6 b3 30. axb3 axb3 31. Nc3 Bb4 32. Nfxe4 Ra1+ 33. Nb1
Na3 34. bxa3 Bxa3+ 35. Kd2 Rxb1 36. Nc3 Bb4 37. Rh1 Rb2+ 38. Kd3 Rc2 39. Nb1 c5
40. dxc5 Rxc5 41. R6h2 Ba5 42. Rb2 Rb5 43. Nc3 Rb7 44. Ra1 Bc7 45. Rab1 Ke7 46.
Rxb3 Rxb3 47. Rxb3 Rd8+ 48. Ke4 Ke6 49. Rb7 Rd7 50. Ne2 Bd8 51. Nd4+ Kd6 52.
Rxd7+ Kxd7 53. Kd5 Ba5 54. e4 Bd2 55. Ke5 Ke7 56. Nf3 Bc1 57. f5 gxf5 58. exf5
Kf7 59. f6 Kg6 60. Ke6 h6 61. gxh6 Kxh6 62. Ne5 Ba3 63. Kf7 Bb2 64. Ke6 Ba3 65.
f7 Kg7 66. Nc4 Bf8 67. Nb6 Ba3 68. Nc8 Bb4 69. Ne7 Ba3 70. Nf5+ Kg6 71. Nh4+
Kg7 72. Nf3 Bb4 73. Ne5 Ba3 74. Nc6 Bc5 75. Nd8 Ba3 76. Kd7 Kf8 77. Ne6+ Kxf7
1/2-1/2

[Event "france jeunes"]
[Site "?"]
[Date "2012.04.17"]
[Round "1"]
[White "Safar"]
[Black "Ziyad"]
[Result "1-0"]
[WhiteElo "1340"]
[BlackElo "1009"]
[PlyCount "130"]
[EventDate "2012.??.??"]
[SourceDate "2012.04.20"]

1. e4 e5 2. Nf3 Nc6 3. d4 d6 4. dxe5 dxe5 5. Qxd8+ Kxd8 6. Bb5 Nf6 7. Bxc6 bxc6
8. Nxe5 Nxe4 9. Nxf7+ Ke8 10. Nxh8 Bc5 11. f3 Nd6 12. Nc3 Kf8 13. b3 Kg8 14.
Ng6 hxg6 15. Bb2 Bf5 16. O-O-O Re8 17. Rhe1 Rf8 18. Ne4 Nxe4 19. fxe4 Bg4 20.
Rd3 Rf2 21. Rg3 Bh5 22. Rg5 Bd6 23. g4 Bf4+ 24. Kb1 Bxg5 25. gxh5 Rxh2 26. hxg6
Rh6 27. e5 Rxg6 28. e6 Kf8 29. Ba3+ Be7 30. Rf1+ Ke8 31. Bxe7 Kxe7 32. Rf7+ Ke8
33. Rxc7 Rxe6 34. Rxg7 a5 35. Rg5 Re1+ 36. Kb2 a4 37. bxa4 Re4 38. Kb3 Kd7 39.
a3 Kd6 40. c4 Re3+ 41. Kb4 Re2 42. Rg6+ Kc7 43. Kc5 Re5+ 44. Kd4 Ra5 45. Rg7+
Kd6 46. Rg1 Rxa4 47. Ra1 c5+ 48. Kc3 Ra8 49. a4 Re8 50. Kd2 Re4 51. Kd3 Rd4+
52. Kc3 Rf4 53. a5 Rf8 54. Kd3 Ra8 55. Ke4 Kc6 56. a6 Kb6 57. a7 Rxa7 58. Rxa7
Kxa7 59. Kd5 Kb6 60. Kd6 Kb7 61. Kxc5 Kc7 62. Kb5 Kd7 63. Kb6 Kc8 64. Kc6 Kd8
65. c5 Kc8 {la partie va encore durer 25 coups avant le baiser de la mort fatal
} 1-0

[Event "france jeunes"]
[Site "?"]
[Date "2012.04.17"]
[Round "2"]
[White "Ziyad"]
[Black "Sandro"]
[Result "0-1"]
[WhiteElo "1009"]
[BlackElo "1009"]
[PlyCount "20"]
[EventDate "2012.??.??"]
[SourceDate "2012.04.20"]

1. e4 e5 2. Nf3 Nc6 3. Nc3 Bc5 4. Bc4 f6 5. d3 d6 6. O-O Bg4 7. h3 Bh5 8. Bg5
Nd4 9. Nxd4 Bxd1 10. Raxd1 exd4 {La partie continue encore 19 coups.} 0-1

[Event "france jeunes"]
[Site "?"]
[Date "2012.04.18"]
[Round "?"]
[White "antoine"]
[Black "ziyad"]
[Result "0-1"]
[WhiteElo "1009"]
[BlackElo "1009"]
[PlyCount "22"]
[EventDate "2012.??.??"]

1. e4 e5 2. Nc3 Nf6 3. Nf3 Nc6 4. Bc4 Bc5 5. d3 O-O 6. Be3 Bxe3 7. fxe3 d6 8.
O-O Bg4 9. Qe2 Qd7 10. Rad1 Nb4 11. Rd2 a6 {Il manque un coup .....} 0-1

[Event "france jeunes"]
[Site "?"]
[Date "2012.04.18"]
[Round "4"]
[White "ziyad"]
[Black "aubin"]
[Result "1-0"]
[WhiteElo "1009"]
[BlackElo "1009"]
[PlyCount "32"]
[EventDate "2012.??.??"]

1. e4 e5 2. Nf3 Nc6 3. Nc3 Bc5 4. Bc4 Nf6 5. O-O O-O 6. h3 d6 7. d3 Na5 8. a3
Nxc4 9. dxc4 Be6 10. b4 Bxc4 11. bxc5 Bxf1 12. Qxf1 dxc5 13. Bg5 h6 14. Bh4 Qe7
15. Nd5 Qd8 16. Nxf6+ gxf6 {Le coup suivant est mal ecrit.} 1-0

[Event "France Jeunes"]
[Site "?"]
[Date "2012.04.20"]
[Round "8"]
[White "FRANCOIS, Adrien"]
[Black "DE TALIANCE, Aliaume"]
[Result "1-0"]
[WhiteElo "1579"]
[BlackElo "1691"]
[PlyCount "117"]
[SourceDate "2012.04.20"]

1. e4 d6 2. d4 Nf6 3. Nc3 g6 4. f4 Bg7 5. Nf3 O-O 6. h3 c5 7. e5 dxe5 8. dxe5
Qxd1+ 9. Kxd1 Rd8+ 10. Bd2 Nd5 11. Nxd5 Rxd5 12. Bc4 Rd8 13. Re1 h6 14. c3 Nc6
15. Kc2 Bf5+ 16. Kc1 Bd3 17. Bxd3 Rxd3 18. Kc2 Rd5 19. Be3 b6 20. Rad1 Rad8 21.
Rxd5 Rxd5 22. Rd1 Rxd1 23. Kxd1 Kf8 24. Nh4 Ke8 25. e6 Nd8 26. exf7+ Kxf7 27.
g4 e6 28. Ke2 Nc6 29. Nf3 Kf6 30. Kd3 e5 31. Ke4 exf4 32. Bxf4 g5 33. Be5+ Nxe5
34. Nxe5 Ke6 35. Nc6 a5 36. Na7 Bf6 37. Nb5 Be5 38. a4 Bf4 39. b3 Be5 40. c4
Bf4 41. Nc3 Bb8 42. Nd5 Ba7 43. Nc7+ Kd7 44. Nb5 Bb8 45. Kf5 Bf4 46. Nc3 Kc6
47. Nd5 Bd6 48. Kg6 Bf8 49. Kf6 Kb7 50. Kf7 Bd6 51. Kg7 Kc6 52. Kxh6 Bf4 53.
Kg6 Bd2 54. Kf5 Bc1 55. Nf6 Bd2 56. Ne4 Bc1 57. Nxg5 Bxg5 58. Kxg5 Kd6 59. Kf6
1-0

[Event "?"]
[Site "?"]
[Date "2012.04.20"]
[Round "8"]
[White "Benjamin"]
[Black "Ziyad"]
[Result "1-0"]
[WhiteElo "1210"]
[BlackElo "1009"]
[PlyCount "35"]

1. e4 e5 2. f4 exf4 3. d4 Nf6 4. Nc3 Nc6 5. Nf3 Bb4 6. e5 Ne4 7. Qd3 Nxc3 8.
bxc3 Ba5 9. Bxf4 O-O 10. Qe4 Bxc3+ 11. Nd2 Bxa1 12. Bd3 g6 13. Bh6 Re8 14. Bc4
Qe7 15. O-O Bxd4+ 16. Kh1 Bxe5 17. Rxf7 Qa3 18. Rf8# 1-0